00626 2200217 4500001002100000005001700021008004100038020002200079035002400101040001200125090002100137100001600158245010200174250001000276260003000286300001900316504001600335650002300351850001200374990002200386YOGYA-0212000000031320120219172533.0 ind  a978-602-978-981-2 0010-021200000000313 aYOPDYOG aDEP 646.78 Zun R aZunly Nadia aRagam Mitos Seputar Perkawinan kehamilan, persalinan dan balita/cZunly Nadia; editor Desy Wijaya aCet.1 ajogjakartabLaksanac2011 a267 hlmb20 cm ahlm 265-267 aKehidupan Keluarga aYOPDYOG aCB.D.11.2011-1948